| 000 | 00454nam a22001697a 4500 | ||
|---|---|---|---|
| 003 | OSt | ||
| 005 | 20220107122849.0 | ||
| 008 | 190530b xxu||||| |||| 00| 0 eng d | ||
| 020 | _a9781484228289 | ||
| 040 | _cIIITMK | ||
| 082 | _a658.872 KEL/I | ||
| 100 |
_aKelsey, Todd _915587 |
||
| 245 |
_aIntroduction to google analytics: _bA guide for absolute beginners _cTodd Kelsey |
||
| 260 |
_aUSA, _bApress, _c2017. |
||
| 300 | _axiii, 141p. | ||
| 942 |
_2ddc _cBK |
||
| 999 |
_c6453 _d6453 |
||